LEADER 01021naa a2200193 i 4500 001 000000317779 003 CaOOAMICUS 005 20180831173235.0 008 180831n it u000 u ita u 013 $a27000 040 $aSeMil$bita 100 1 $aKomonchak, Joseph A.$0(OLS)http://semarc/name/84981 245 13$aLe valutazioni sulla "Gaudium et Spes" :$bChenu, Dossetti, Ratzinger. 600 14$aChenu, Marie-Dominique .$0(OLS)http://semarc/subject/6155 600 14$aRatzinger, Joseph .$0(OLS)http://semarc/subject/778 600 14$aDossetti, Giuseppe <1913-1996>.$0(OLS)http://semarc/subject/3977 650 4$aConcilio Vaticano II <1962-1965> - Costituzioni pastorali . Gaudium et Spes.$0(OLS)http://semarc/subject/417 773 0 $tVolti di fine Concilio.$dBologna : Il Mulino, 2000.$kTesti e ricerche di scienze religiose. Nuova serie$z88-15-07798-7$gp.115-154$w()106473 996 $6245$aLe valutazioni sulla "Gaudium et Spes" :$bChenu, Dossetti, Ratzinger$9(OLS)http://semarc/title/391704 LEADER 01358nam a2200241 4500 001 000000343173 003 CaOOAMICUS 005 20240619121641.0 008 201130s2017 it 2 001 u fre r 040 $aSeMil$bita 100 1 $aTidjani, Abdel Ouahid Antoine.$0(OLS)http://semarc/name/112547 245 10$aJésus, l'envoyé de Dieu par l'onction de l'Esprit :$bbonne nouvelle aux pauvres et libération de l'homme : exégèse et théologie de Lc 4,16-30 /$cAbdel Ouahid Antoine Tidjani. 264 1$aMilano :$b[s.n.],$c2017. 300 $a199 p. ;$c26 cm 500 $aIn testa al front : Facoltà Teologica dell'Italia Settentrionale, Milano 502 $aEstratto della dissertazione dottorale in Teologia n. 76 nella Facoltà Teologica dell'Italia Settentrionale 650 4$aTesi di laurea.$0(OLS)http://semarc/subject/1690 650 4$aBibbia. Nuovo Testamento. Vangelo secondo Luca, 4,16-30.$0(OLS)http://semarc/subject/49716 850 $aSeMil 852 $aSeMil$W1$xVenegono$y1$m2B VI 340$j242596$B234150$CSeMilBibl$Z2$F234150 $81 996 $6245$aJésus, l'envoyé de Dieu par l'onction de l'Esprit :$bbonne nouvelle aux pauvres et libération de l'homme : exégèse et théologie de Lc 4,16-30$9(OLS)http://semarc/title/432148 996 $6264$aMilano :$b[s.n.]$9(OLS)http://semarc/publisher/29709